000 00886nam a22003017a 4500
001 BR0201142
003 BR-BrBNA
005 20230928101005.0
007 ta
008 230509b bl.||||| |||| 00| 0 por d
040 _aBR-BrBNA
_bpor
_cBiblioteca Nacional de Agricultura
041 _a(Por)
072 _aE14; E13
_b2480
_b2400
090 _ 2480 BR0201142
110 1 _aSuperintendencia da Borracha, Brasilia, DF (Brasil)
_910009
245 1 _aIncentivo a producao e ao beneficiamento de borracha natural; programa de acao; fundamentos e objetivos
260 3 _aBrasilia, DF (Brasil):
_c1972.
300 _a15 p.
500 _a5 illus.
650 _aSeringueira
650 _aBorracha
650 _aProducao Vegetal
650 _aPolitica Governamental
650 _aInvestimento
650 _aBeneficiamento
909 _a202309
_bLucia
_c55
_dLucia Elande
942 _cBK
999 _c63748
_d63748